Statistics for Name an Australian Bird by Family: Level 3

Click here to take the quiz!

General Stats

  • This quiz has been taken 3 times
  • The average score is 28 of 92

Answer Stats

FamilyScientific Name#Species Example% Correct
ParrotsPsittacidae40Eclectus Parrot
100%
Cassowaries & EmusCasuariidae2Emu
100%
FrogmouthsPodargidae3Papuan Frogmouth
100%
FantailsRhipiduridae6Arafura Fantail
67%
PelicansPelecanidae1Australian Pelican
67%
KingfishersAlcedinidae10Azure Kingfisher
67%
Kites & alliesAccipitridae17Black-breasted Buzzard
67%
CockatoosCacatuidae14Gang-Gang Cockatoo
67%
Grass-finches & alliesPloceidae19Gouldian Finch
67%
Plovers & alliesCharadriidae14Inland Dotterel
67%
RollersCoraciidae1Oriental Dollarbird
67%
Hawk OwlsStrigidae5Powerful Owl
67%
Monarch FlycatchersMonarchidae14Shining Flycatcher
67%
Barn OwlsTytonidae5Sooty Owl
67%
BowerbirdsPtilonorhynchidae10Spotted Catbird
67%
Honeyeaters & ChatsMeliphagidae73Western Spinebill
67%
Woodswallows & alliesArtamidae14White-browed Woodswallow
67%
Owlet-nightjarsAegothelidae1Australian Owlet-nightjar
33%
Painted SnipeRostratulidae1Australian Painted-Snipe
33%
Rails & alliesRallidae14Baillon's Crake
33%
ThrushesMuscicapidae4Bassian Thrush
33%
Gulls & TernsLaridae23Black Noddy
33%
TreecreepersClimacteridae6Black-tailed Treecreeper
33%
CranesGruidae2Brolga
33%
Gannets & BoobiesSulidae4Brown Booby
33%
Button-quailsTurnicidae7Chestnut-backed Button-quail
33%
Whipbirds & alliesCinclosomatidae9Chirruping Wedgebill
33%
Starlings & MynasSturnidae3Common Starling
33%
Shrike-titsFalcunculidae1Crested Shrike-tit
33%
Herons & alliesArdeidae14Eastern Reef Egret
33%
True FinchesFringillidae2European Greenfinch
33%
Ibises & SpoonbillsPlataleidae5Glossy Ibis
33%
Geese, Swans & DucksAnatidae21Hardhead
33%
SparrowsPasseridae2House Sparrow
33%
AlbatrossesDiomedeidae9Indian Yellow-nosed Albatross
33%
Quails & PheasantsPhasianidae9*King Quail
33%
PenguinsSpheniscidae1Little Penguin
33%
Magpie GeeseAnseranatidae1Magpie Goose
33%
RobinsPetroicidae21Mangrove Robin
33%
MegapodesMegapodiidae3Orange-footed Scrubfowl
33%
FalconsFalconidae6Peregrine Falcon
33%
Cuckoos & CoucalsCuculidae13Pheasant Coucal
33%
CormorantsPhalacrocoracidae5Pied Cormorant
33%
Plains-wanderersPedionomidae1Plains-wanderer
33%
Bee-eatersMeropidae1Rainbow Bee-eater
33%
TropicbirdsPhaethontidae2Red-tailed Tropicbird
33%
Pipits & WagtailsMotacillidae2Richard's Pipit
33%
Sandpipers & alliesScolopacidae29Ruddy Turnstone
33%
BristlebirdsDasyornithidae3Rufous Bristlebird
33%
Australasian WrensMaluridae20Rufous-crowned Emu-wren
33%
Shrike-thrushes & WhistlersPachycephalidae12Sandstone Shrike-thrush
33%
OystercatchersHaematopodidae2Sooty Oystercatcher
33%
Petrels & ShearwatersProcellaridae30Southern Giant-Petrel
33%
DrongosDicruridae1Spangled Drongo
33%
LyrebirdsMenuridae2Superb Lyrebird
33%
Old World WarblersSylviidae6Tawny Grassbird
33%
Ravens & CrowsCorvidae5Torresian Crow
33%
SittellasNeosittidae1Varied Sittella
33%
Birds of ParadiseParadisaeidae4Victoria's Riflebird
33%
Thornbills & alliesAcanthizidae40Weebill
33%
NightjarsCaprimulgidae3White-throated Nightjar
33%
Mud-nestersCorcoracidae2White-winged Chough
33%
Cuckoo-shrikes & TrillersCampephagidae7White-winged Triller
33%
SunbirdsNectariniidae1Yellow-bellied Sunbird
33%
White-eyesZosteropidae3Yellow White-eye
33%
DartersAnhingidae1Australasian Darter
0%
BustardsOtididae1Australian Bustard
0%
PratincolesGlareolidae2Australian Pratincole
0%
StorksCiconiidae1Black-necked Stork
0%
Stone-curlewsBurhinidae2Bush Stone-curlew
0%
BabblersPomatostomidae4Chestnut-crowned Babbler
0%
Logrunners & ChowchillasOrthonychidae2Chowchilla
0%
JacanasJacanidae1Comb-crested Jacana
0%
Diving-PetrelsPelecanoididae1Common Diving-Petrel
0%
BellbirdsOreoicidae1Crested Bellbird
0%
OspreyPandionidae1Eastern Osprey
0%
Swallows & MartinsHirundinidae6Fairy Martin
0%
FrigatebirdsFregatidae2Great Frigatebird
0%
GrebesPodicipedidae3Hoary-headed Grebe
0%
FlowerpeckersDicaeidae1Mistletoebird
0%
Scrub-birdsAtrichornithidae2Noisy Scrub-bird
0%
Orioles & FigbirdsOriolidae3Olive-backed Oriole
0%
Swiftlets & SwiftsApodidae5Pacific Swift
0%
Skuas & JaegersStercorariidae5Pomarine Jaeger
0%
PittasPittidae3Rainbow Pitta
0%
PardalotesPardalotidae4Red-browed Pardalote
0%
Stilts & AvocetsRecurvirostridae3Red-necked Avocet
0%
PhalaropesPhalaropodidae2Red-necked Phalarope
0%
BulbulsPycnonotidae1Red-whiskered Bulbul
0%
Old World LarksAlaudidae4Rufous Songlark
0%
Storm-PetrelsOceanitidae6White-faced Storm-Petrel
0%
Pigeons & DovesColumbidae25White-quilled Rock-Pigeon
0%

Score Distribution

Percentile by Number Answered

Percent of People with Each Score

Your Score History

You have not taken this quiz